00498 2200193 4500001002100000005001500021008004100036020001900077035001900096041000700115082001000122090001600132100001900148245004600167250001300213260003500226300003000261650001300291INLIS00000000001453720241224114750241224||||||||| | ||| |||| || |  a9979-8031-77-6 0010-1224014537 aid0 a635.2 a635.2 SIN b0 aSINGGIH WIBOWO00aBudi daya Bawang putih, merah, dan bombay acet.XVII aJakartabPenebar Swadayac2008 a194 hlm.; 15 cm x 20,5 cm 0abertanam